The new century Bible commentary
Enregistré dans:
| Auteur principal: | |
|---|---|
| Format: | Livre |
| Langue: | anglais |
| Publié: |
Eerdmans.
1982.
|
| Sujets: | |
| Tags: |
Ajouter un tag
Pas de tags, Soyez le premier à ajouter un tag!
|
MARC
| LEADER | 00000nam a22000005a 4500 | ||
|---|---|---|---|
| 001 | 9553 | ||
| 003 | CL-ChBUA | ||
| 005 | 20170904165513.0 | ||
| 007 | ta | ||
| 008 | 070301s1982 xxu 000 0 eng | ||
| 040 | |a CL-ChBUA |c CL-ChBUA |e rda | ||
| 082 | 0 | 0 | |a 224.4 |
| 100 | 1 | |a Wevers, John W. | |
| 245 | 1 | 0 | |a The new century Bible commentary |
| 260 | |b Eerdmans. |c 1982. | ||
| 300 | |c 20 cm. | ||
| 630 | 4 | |a BIBLIA |x ANTIGUO TESTAMENTO |x COMENTARIOS | |
| 650 | 4 | |a EZEQUIEL |x COMENTARIOS | |
| 942 | |c LIB |2 ddc | ||
| 945 | |0 nac | ||
| 952 | |0 0 |1 0 |2 ddc |4 0 |6 224_400000000000000_W_544 |7 0 |9 14082 |a UNACH |b UNACH |c 200 |d 2007-03-05 |i 18.682 |l 7 |m 1 |o 224.4 / W 544. |p 15081 |r 2019-11-22 00:00:00 |s 2019-06-05 |u 14082 |w 2012-08-08 |y LIB | ||
| 999 | |c 9553 |d 9553 | ||